| 000 | 00411cam a2200145u 4500 | ||
|---|---|---|---|
| 082 |
_a621.388 _bHAL _cL-11, P-43 |
||
| 100 | 1 |
_aHallows, Ralph Watson, _941629 |
|
| 245 | 0 | 0 |
_aTelevision Simply Explained _bR.w. hallows |
| 260 |
_aLodon, _b, _c1947. |
||
| 300 |
_a198 p , xv _billus. _c19 cm. |
||
| 526 |
_a0 _b0 _c0 _d621_388000000000000_HAL |
||
| 650 | 0 |
_aMCE _9379 |
|
| 650 | 0 |
_aTelevision. _941630 |
|
| 942 |
_2ddc _cBK |
||
| 999 |
_c545686 _d545686 |
||